00305nam a2200121Ia 4500008004100000100001200041245003500053260004000088300000900128650002400137942000700161999001500168190216s9999||||xx |||||||||||||| ||und|| aLee G D 0aConcise Of Inorganic Chemistry bEnglish Language Book Societyc1977 a505p aChemistry-Chemistry cBK c2078d2078